| 000 | 01135nam a22002777a 4500 | ||
|---|---|---|---|
| 999 |
_c64958 _d64958 |
||
| 005 | 20240530110759.0 | ||
| 008 | 190121s2017 ua g b 000 0dara d | ||
| 017 |
_a2017/9868 _bمصر. دار الكتب |
||
| 020 | _a9789779112916 | ||
| 040 |
_aEG-CaGPL _cEG-CaGPL |
||
| 082 | 0 | 4 |
_221 _a260 / _bس ت |
| 100 | 0 | _aسيد حافظ عبدالحميد | |
| 245 | 1 | 2 |
_aالتصوف العلمى والمشروع الحضارى عند عبدالقادر الجزائرى / _cتاليف سيد حافظ عبدالحميد ؛ مراجعة عصمت نصار ؛ تقديم حسن حنفى |
| 250 | _aط.1 | ||
| 260 |
_aالقاهرة : _bالهيئة المصرية العامة للكتاب، _c2017. |
||
| 300 |
_a224 ص. ؛ _c24 سم. |
||
| 504 | _aيشتمل على ارجاعات ببليوجرافية | ||
| 650 | 0 | 7 |
_2qrmak _aالتصوف |
| 650 | 0 | 7 |
_2qrmak _aالاخلاق الاسلامية |
| 650 | 0 | 7 |
_2qrmak _aالفلسفة الاسلامية |
| 651 | _2qrmak | ||
| 700 | 0 |
_aعصمت نصار _eمراجع |
|
| 700 | 0 |
_aحسن حنفى _eمقدم |
|
| 942 |
_2ddc _cBK |
||